| 000 -LEADER | |
|---|---|
| fixed length control field | 00293nam a2200121 4500 |
| 020 ## - INTERNATIONAL STANDARD BOOK NUMBER | |
| ISBN | 0131268465 |
| 050 ## - LIBRARY OF CONGRESS CALL NUMBER | |
| Classification number | HF5415lov |
| 100 ## - MAIN ENTRY--AUTHOR NAME | |
| Personal name | LOVELOCK, Christopher and WIRTZ, Jochen |
| 245 ## - TITLE STATEMENT | |
| Title | Services marketing |
| 250 ## - EDITION STATEMENT | |
| Edition statement | 5yh edition |
| 260 ## - PUBLICATION, DISTRIBUTION, ETC. (IMPRINT) | |
| Place of publication | London |
| Name of publisher | Pearson/Prentice Hall |
| Year of publication | 2004 |
| 942 ## - ADDED ENTRY ELEMENTS (KOHA) | |
| Koha item type | Books |
| Koha item type | Collection code | Shelving location | Accession Number | Permanent Location | Current Location | Date acquired | Full call number |
|---|---|---|---|---|---|---|---|
| Books | Lending | Lending | 1788 | Chapman Library | Chapman Library | 2016-01-18 | HF5415lov |
| Books | Lending | Lending | 1789 | Chapman Library | Chapman Library | 2016-01-18 | HF5415lov |

